• 首页
  • 本馆介绍
  • 公告通知
  • 最新文献
  • 馆藏检索
  • 电子资源
  • 读者导购
  • 参考咨询
  • 我的图书馆
  • 登录
  • 详细信息显示
  • 放入我的书架
  • 预约/预借图书
  • 作者相关作品
  • 分类相关作品
  • 丛书相关作品
  • 出版社相关作品

书目信息

  • 表格格式
  • 工作单格式
  • 卡片格式
题名:
探究性学习之课堂组织技巧
    
 
作者: 姜秀梅 编著
分册:  
出版信息: 北京   北京教育出版社  2019
页数: 122页
开本: 24cm
丛书名: 中国教师丛书
单 册:
中图分类: G632.42
科图分类:
主题词: 课堂教学--教学研究--中小学
电子资源:
ISBN: 978-7-5704-0377-6
000 00828nam0 2200229 450
001 2470721959
005 20240907193855.82
010    @a978-7-5704-0377-6@dCNY24.00
100    @a20191216d2019 em y0chiy0120 ea
101 0  @achi
102    @aCN@b110000
105    @ay z 000yy
200 1  @a探究性学习之课堂组织技巧@9tan jiu xing xue xi zhi ke tang zu zhi ji qiao@b专著@f姜秀梅编著
210    @a北京@c北京教育出版社@d2019
215    @a122页@d24cm
225 1  @a中国教师丛书
330    @a本书共分五章,内容包括:备课技巧、课堂导入技巧、课堂提问技巧、课堂教学组织与管理技巧、课堂教学评价技巧。各章节分别对各种课堂教学技巧进行细分化的讲解并加以举例说明。
606 0  @a课堂教学@x教学研究@x中小学
690    @aG632.42@v5
701  0 @a姜秀梅@9jiang xiu mei@4编著
801  2 @aCN@b58marc.cn@c20200721
905    @aZUCC@dG632.42@e1
    
    探究性学习之课堂组织技巧/姜秀梅编著.-北京:北京教育出版社,2019
    122页;24cm.-(中国教师丛书)
    
    
    ISBN 978-7-5704-0377-6:CNY24.00
    本书共分五章,内容包括:备课技巧、课堂导入技巧、课堂提问技巧、课堂教学组织与管理技巧、课堂教学评价技巧。各章节分别对各种课堂教学技巧进行细分化的讲解并加以举例说明。
●
相关链接 在五车中查询图书 在当当中查询图书 在豆瓣中查询图书


正题名:探究性学习之课堂组织技巧     索取号:G632.42/1         预约/预借

序号 登录号 条形码 馆藏地/架位号 状态 备注
1 2001762877   2001762877   第四书库/四26架A面1层2列/ [索取号:G632.42/1] 在馆    
2 2001762878   2001762878   第四书库/四26架A面1层2列/ [索取号:G632.42/1] 在馆    
3 2001762879   2001762879   第四书库/四26架A面1层2列/ [索取号:G632.42/1] 在馆    
4 2001762880   2001762880   第四书库/四26架A面1层2列/ [索取号:G632.42/1] 在馆    
5 2001762881   2001762881   第四书库/四26架A面1层2列/ [索取号:G632.42/1] 在馆    
6 2001762882   2001762882   第四书库/四26架A面1层2列/ [索取号:G632.42/1] 在馆    
山东省滨州职业学院图书馆 欢迎您!
大连网信软件有限公司© 版权所有